| 000 | 00359nam a22001577a 4500 | ||
|---|---|---|---|
| 005 | 20160613154638.0 | ||
| 008 | 160613b xxu||||| |||| 00| 0 eng d | ||
| 041 | _aeng | ||
| 082 | _b7285 | ||
| 100 |
_aRiordan, Pouley _91812 |
||
| 245 | _aTechnical Report Writing Today | ||
| 260 |
_bAITBS _c2004 |
||
| 300 | _a40 | ||
| 650 |
_aManagement _9241 |
||
| 942 | _cBK | ||
| 999 |
_c2547 _d2546 |
||